[Event "VI Open de Primavera de Gros"]
[Site "Donostia"]
[Date "2010.05.22"]
[Round "5"]
[Board "1"]
[White "Miguelez Garcia, Erlantz"]
[Black "Etxagibel Larranaga, Asier"]
[Result "1-0"]
[WhiteElo "1958"]
[BlackElo "1952"]
[PlyCount "0"]
[EventDate "2010.04.24"]
[EventRounds "8"]
[EventCountry "ESP"]

1.d4 d5 2.c4 c6 3.Nf3 Nf6 4.g3 e6 5.Bg2 Be7 6.O-O O-O 7.Nc3 Nbd7 8.Qc2 b6 9.e4
Ba6 10.Rd1 Qc8 11.e5 Ne8 12.cxd5 cxd5 13.Bg5 Qd8 14.h4 Rc8 15.Qd2 Nb8 16.Bh3 Nc6
17.Rac1 Qd7 18.Bxe7 Nxe7 19.Ne2 Bxe2 20.Qxe2 g6 21.Qd2 Ng7 22.Qg5 Rxc1 23.Rxc1
Nc6 24.Qh6 Nf5 25.Bxf5 exf5 26.Rxc6 f6 27.exf6

[Event "VI Open de Primavera de Gros"]
[Site "Donostia"]
[Date "2010.05.22"]
[Round "5"]
[Board "1"]
[White "Ros Eskisabel, Jose Ramon"]
[Black "Izagirre Alsua, Aritz"]
[Result "1-0"]
[WhiteElo "2143"]
[BlackElo "1820"]
[PlyCount "0"]
[EventDate "2010.04.24"]
[EventRounds "8"]
[EventCountry "ESP"]

1.e4 c5 2.Nf3 d6 3.d4 cxd4 4.Nxd4 Nf6 5.Nc3 g6 6.g3 Nc6 7.Bg2 Bg7 8.Nde2 O-O
9.O-O Ne5 10.h3 Bd7 11.a4 Rc8 12.Nd5 Bc6 13.c3 Nc4 14.Nd4 Bd7 15.Re1 Na5 16.Ra2
Nc6 17.Be3 Ne5 18.Kh2 Nc4 19.Bc1 Ne5 20.f4 Nc4 21.Qd3 Nb6 22.b3 Na8 23.c4 Nc7
24.Be3 Na6 25.Rae2 Nc5 26.Qb1 a5 27.Bg1 b6 28.Rd2 Re8 29.Qd1 Rf8 30.Bf2 Be8
31.Nc3 Nfd7 32.Ndb5 Nb8 33.e5 Bc6 34.exd6 e6 35.Bxc5 Bxb5 36.Bxb6 Qxb6 37.Nxb5
Nc6 38.d7 Rc7 39.Nxc7 Qxc7 40.Bxc6

[Event "VI Open de Primavera de Gros"]
[Site "Donostia"]
[Date "2010.05.22"]
[Round "5"]
[Board "1"]
[White "Fuente San Sebastian, Ernesto"]
[Black "Izquierdo Arruferia, Joseba"]
[Result "0-1"]
[WhiteElo "1897"]
[BlackElo "1807"]
[PlyCount "0"]
[EventDate "2010.04.24"]
[EventRounds "8"]
[EventCountry "ESP"]

1.e4 e6 2.d4 d5 3.Nd2 Nf6 4.e5 Nfd7 5.Bd3 c5 6.c3 Nc6 7.Ne2 Qb6 8.Nf3 cxd4
9.cxd4 Bb4+ 10.Bd2 f6 11.exf6 Nxf6 12.O-O O-O 13.Rc1 Bd7 14.Bb1 Bd6 15.Bf4 Bxf4
16.Nxf4 Qxb2 17.Nd3 Qb6 18.Nc5 Rae8 19.Ng5 Bc8 20.Re1 e5 21.dxe5 Nxe5 22.Nxh7
Nxh7 23.Qxd5+ Nf7 24.Bxh7+ Kxh7 25.h4 Rxe1+ 26.Rxe1 Qd6 27.Qc4 Qc6 28.Qd3+ Kh8
29.Nb3 Qf6 30.Re3 Ne5 31.Qe2 Nc6 32.Rf3 Qd6 33.Rxf8+ Qxf8 34.Qh5+ Kg8 35.Nd2 Qf7
36.Qg5 Qxa2 37.Nf3 Qb1+ 38.Kh2 Qf5 39.Qe3 a5 40.Qe8+ Qf8 41.Qh5 Qf4+ 42.Kg1 Bg4
43.Qd5+ Qf7 44.Qb5 Bxf3 45.gxf3 Nd4 46.Qxa5 Nxf3+ 47.Kf1 Qc4+ 48.Kg2 Nxh4+
49.Kh3 Ng6 50.Qa8+ Kh7 51.Qxb7 Qd3+ 52.Kh2 Nf4 53.Qc8 Qe4 54.Qg4 Qe5 55.Kg1 Qe1+
56.Kh2 Qxf2+ 57.Kh1 Qe1+ 58.Kh2 Qe2+

[Event "VI Open de Primavera de Gros"]
[Site "Donostia"]
[Date "2010.05.22"]
[Round "5"]
[Board "1"]
[White "D Anna Razzetti, Juan Pablo"]
[Black "Tung, Siu Hung"]
[Result "1-0"]
[WhiteElo "1804"]
[BlackElo "1864"]
[PlyCount "0"]
[EventDate "2010.04.24"]
[EventRounds "8"]
[EventCountry "ESP"]

1.e4 g6 2.d4 Bg7 3.h4 h5 4.f3 d6 5.Ne2 c6 6.Bg5 Na6 7.Nbc3 b5 8.Qd2 Nc7 9.Nd1
Ne6 10.Be3 Nf6 11.Nf2 Qc7 12.O-O-O a5 13.g4 Bb7 14.Ng3 b4 15.gxh5 Nxh5 16.Nxh5
Rxh5 17.f4 Ba6 18.Bxa6 Rxa6 19.f5 Nf8 20.fxg6 fxg6 21.Qe2 Ra8 22.Nd3 e5 23.dxe5
Bxe5 24.Nxe5 dxe5 25.Rhf1 Rd8 26.Rxd8+ Qxd8 27.Qf3 Qe7 28.Bg5 Qg7 29.Qf6 Qxf6
30.Rxf6 Nh7 31.Rxg6 Kd7 32.Kd2 Kc7 33.Kd3 Nxg5 34.Rxg5 Rxh4 35.Rxe5 Kb6 36.Re8
Kc5 37.Re5+ Kb6 38.Rf5 Rh3+ 39.Ke2 Rh2+ 40.Rf2 Rh4 41.Ke3 Rh3+ 42.Kd4 Rh5 43.Re2
c5+ 44.Kc4 Rh4 45.Kd5 Kb5 46.e5 Rd4+ 47.Ke6 Kc6 48.Kf6 Kd7 49.e6+ Ke8 50.Rh2
Rf4+ 51.Ke5 Rd4 52.Rh8+ Ke7 53.Rh7+ Kd8 54.Rd7+ Ke8 55.Rg7

[Event "VI Open de Primavera de Gros"]
[Site "Donostia"]
[Date "2010.05.29"]
[Round "6"]
[Board "1"]
[White "Argandona Riveiro, Inigo"]
[Black "Guijarro Galan, Jose Luis"]
[Result "1/2-1/2"]
[WhiteElo "2388"]
[BlackElo "2104"]
[PlyCount "0"]
[EventDate "2010.04.24"]
[EventRounds "8"]
[EventCountry "ESP"]

1.Nf3 Nf6 2.c4 e6 3.g3 Be7 4.Bg2 O-O 5.O-O d5 6.d4 c6 7.Qc2 Ne4 8.b3 f5 9.Ba3
Bxa3 10.Nxa3 Qd6 11.Qb2 Bd7 12.Ne5 Be8 13.f3 Nf6 14.e4 fxe4 15.fxe4 dxe4 16.c5
Qd5 17.Nac4 Na6 18.Nd6 Rd8 19.Rad1 Bh5 20.Rd2 Nxc5 21.dxc5 Qxc5+ 22.Qd4 Qxd4+
23.Rxd4 c5 24.Rxe4 Rxd6 25.Ra4 Be2 26.Re1 Ba6 27.Nc4 Rd4 28.Bh3 Ng4 29.Ra5 Bxc4
30.bxc4 b6 31.Rxa7 h5 32.Bg2 Rd2 33.h3 Rff2 34.Bc6 Nh2 35.Ra3 Kf7 36.Rae3 Rxa2
37.g4 hxg4 38.hxg4 Nxg4 39.Rxe6 Nf6 40.Re7+ Kg6 41.R7e3 Rf4 42.Rg3+ Rg4 43.Rxg4+
Nxg4 44.Re6+ Kf5 45.Bd5 Rb2 46.Kf1 g5 47.Re8 Nf6 48.Rf8 Ke5 49.Bc6 g4 50.Rf7 g3
51.Rg7 Kf4 52.Rf7 Rf2+ 53.Kg1 Ke3 54.Rg7 Rf4 55.Rxg3+ Kd4 56.Rb3 Kxc4 57.Rxb6
Kd4 58.Ra6 c4 59.Bb5 c3 60.Rc6 Nd5 61.Rc4+ Ke3 62.Rc5 Rd4 63.Bc6 Rd1+ 64.Kh2
Rd2+ 65.Kg1 c2 66.Rxc2 Rxc2 67.Bxd5 Rf2 68.Bc6 Rf6 69.Bb7 Rg6+ 70.Kf1 Rg7 71.Bc6
Rf7+ 72.Kg2 Rf6 73.Bb7 Rf2+ 74.Kg1 Ke2 75.Bc6 Rf6 76.Bb7 Rg6+ 77.Kh2 Kf2 78.Kh3
Rb6 79.Ba8 Rb4 80.Bc6 Rb6 81.Ba8 Rg6 82.Bb7 Ke3 83.Ba8 Kf4 84.Bb7 Rg3+ 85.Kh2
Kg4 86.Ba8 Ra3 87.Bb7 Ra2+ 88.Kg1

[Event "VI Open de Primavera de Gros"]
[Site "Donostia"]
[Date "2010.05.29"]
[Round "6"]
[Board "1"]
[White "Ros Eskisabel, Jose Ramon"]
[Black "Ladron De Guevara Galar, Fco J"]
[Result "1/2-1/2"]
[WhiteElo "2143"]
[BlackElo "2052"]
[PlyCount "0"]
[EventDate "2010.04.24"]
[EventRounds "8"]
[EventCountry "ESP"]

1.e4 e5 2.Nf3 Nc6 3.d4 exd4 4.Nxd4 Nf6 5.Nxc6 bxc6 6.e5 Qe7 7.Qe2 Nd5 8.c4 Nb6
9.Nc3 Qe6 10.Qe4 g6 11.Bd3 Bg7 12.f4 Ba6 13.b3 d5 14.cxd5 cxd5 15.Nxd5 Nxd5
16.Bxa6 Qxa6 17.Qxd5 Rd8 18.Qc4 Qxc4 19.bxc4 Rd4 20.Be3 Rxc4 21.O-O a6 22.Rac1
Rxc1 23.Rxc1 Kd7 24.Rc4 h5 25.Kf2

[Event "VI Open de Primavera de Gros"]
[Site "Donostia"]
[Date "2010.05.29"]
[Round "6"]
[Board "1"]
[White "Corral Sierra, Javier"]
[Black "Alvarado Fernandez, Mikel"]
[Result "1-0"]
[WhiteElo "2123"]
[BlackElo "2006"]
[PlyCount "0"]
[EventDate "2010.04.24"]
[EventRounds "8"]
[EventCountry "ESP"]

1.Nf3 d5 2.c4 c6 3.g3 Nf6 4.Bg2 e6 5.O-O Be7 6.b3 O-O 7.Bb2 Nbd7 8.d3 b6 9.Nbd2
Bb7 10.Rc1 Rc8 11.Rc2 c5 12.e3 Qc7 13.Qa1 Rfd8 14.cxd5 Bxd5 15.d4 Qb8 16.Rfc1
Qa8 17.Ne1 Bxg2 18.Nxg2 cxd4 19.Bxd4 Nc5 20.Nf4 Ncd7 21.Qb2 Rxc2 22.Rxc2 Rc8
23.Nd3 h6 24.f3 a5 25.Nc4 Qxf3 26.Nf2 Bc5 27.Nxb6 Nxb6 28.Rxc5 Rxc5 29.Bxc5 Nbd5
30.Qd2 Nd7 31.Ba7 Ne5 32.Bd4 Nc6 33.Bc5 a4 34.bxa4 Ne5 35.e4 Nc4 36.Qd1 Qxd1+
37.Nxd1 Nf6 38.Nc3 Nd7 39.Bb4 Nde5 40.a3 f6 41.a5 Kf7 42.a6 Nd7 43.a7 Ndb6
44.Nb5 Na8 45.Nd6+ Nxd6 46.Bxd6 Ke8 47.Kf2 g6 48.Ke3 Kd7 49.Bf8 h5 50.Bg7 Ke7
51.Kd4 f5 52.exf5 gxf5 53.Be5 Kd7 54.Kc5 Kc8 55.Kc6

[Event "VI Open de Primavera de Gros"]
[Site "Donostia"]
[Date "2010.05.29"]
[Round "6"]
[Board "1"]
[White "Urretavizcaya Merino, Asier"]
[Black "Garro Beraza, Julen"]
[Result "1-0"]
[WhiteElo "2073"]
[BlackElo "1881"]
[PlyCount "0"]
[EventDate "2010.04.24"]
[EventRounds "8"]
[EventCountry "ESP"]

1.d4 d6 2.Nf3 Nf6 3.Bf4 g6 4.e3 Bg7 5.Be2 O-O 6.O-O Nbd7 7.h3 b6 8.a4 a5 9.c4
Bb7 10.Nc3 Ne4 11.Rc1 Nxc3 12.Rxc3 e5 13.Bh2 Qe7 14.Rc2 f5 15.Rd2 e4 16.Ne1 Bh6
17.c5 f4 18.exf4 dxc5 19.Bg4 Rad8 20.Nc2 Nf6 21.Be2 Kh8 22.dxc5 e3 23.Nxe3 Ne4
24.Rxd8 Rxd8 25.Qc1 Nxc5 26.Bc4 Qf6 27.Rd1 Rf8 28.Ng4 Qc6 29.Bd5 Bxf4 30.Bxf4

[Event "VI Open de Primavera de Gros"]
[Site "Donostia"]
[Date "2010.05.29"]
[Round "6"]
[Board "1"]
[White "Sanz Perez, Eduardo"]
[Black "D Anna Razzetti, Juan Pablo"]
[Result "1-0"]
[WhiteElo "2147"]
[BlackElo "1804"]
[PlyCount "0"]
[EventDate "2010.04.24"]
[EventRounds "8"]
[EventCountry "ESP"]

1.f4 e5 2.fxe5 d6 3.exd6 Bxd6 4.Nf3 g5 5.g3 Nc6 6.d4 g4 7.Nh4 Qf6 8.Be3 Nge7
9.Nc3 Nb4 10.Ne4 Qe6 11.Nxd6+ Qxd6 12.Bg2 Nbd5 13.Bf2 Qb4+ 14.Qd2 Qxd2+ 15.Kxd2
f5 16.e4 fxe4 17.Bxe4 O-O 18.Rhf1 Be6 19.Bg1 c6 20.Rxf8+ Rxf8 21.Re1 Rf6 22.c4
Nb6 23.b3 Kg7 24.d5 cxd5 25.cxd5 Nexd5 26.Bd4 Nd7 27.Bxd5 Bxd5 28.Re7+

[Event "VI Open de Primavera de Gros"]
[Site "Donostia"]
[Date "2010.05.29"]
[Round "6"]
[Board "1"]
[White "Olmo Vega, Diego"]
[Black "Bello Castano, Diego"]
[Result "1-0"]
[WhiteElo "2025"]
[BlackElo "1911"]
[PlyCount "0"]
[EventDate "2010.04.24"]
[EventRounds "8"]
[EventCountry "ESP"]

1.e4 c6 2.d4 d5 3.Nc3 dxe4 4.Nxe4 Nf6 5.Nxf6+ gxf6 6.c3 Bf5 7.Bf4 Qd5 8.Be2 Rg8
9.Bf3 Be4 10.Qb3 Qxb3 11.axb3 Bxf3 12.Nxf3 Nd7 13.O-O e6 14.Rfe1 Be7 15.Nd2 Rg4
16.g3 Kf8 17.Nc4 c5 18.dxc5 Nxc5 19.Nb6 Rd8 20.Rxa7 Nd3 21.Bh6+ Kg8 22.Rd1 Rg6
23.Be3 f5 24.Rxb7

[Event "VI Open de Primavera de Gros"]
[Site "Donostia"]
[Date "2010.05.29"]
[Round "6"]
[Board "1"]
[White "Torres, Patrice"]
[Black "Sanchez Ruesga, Hector"]
[Result "1/2-1/2"]
[WhiteElo "2003"]
[BlackElo "1857"]
[PlyCount "0"]
[EventDate "2010.04.24"]
[EventRounds "8"]
[EventCountry "ESP"]

1.d4 Nf6 2.Nf3 d5 3.c4 e6 4.Nc3 c5 5.cxd5 Nxd5 6.e4 Nxc3 7.bxc3 Be7 8.Bb5+ Bd7
9.Bxd7+ Nxd7 10.O-O O-O 11.Rb1 Nf6 12.Qe2 Qc7 13.Re1 Rfd8 14.Qb5 b6 15.g3 Rac8
16.Bf4 Qb7 17.Qe2 h6 18.h3 Bf8 19.g4 g5 20.Be5 Nd7 21.Bg3 Be7 22.Rbd1 cxd4
23.cxd4 Bb4 24.h4 Bxe1 25.Rxe1 Nf6 26.hxg5 Nxg4 27.gxh6 Nxh6 28.Qe3

[Event "VI Open de Primavera de Gros"]
[Site "Donostia"]
[Date "2010.05.29"]
[Round "6"]
[Board "1"]
[White "Fernandez Zubitur, Jokin"]
[Black "Segovia Sanchez, Antonio"]
[Result "1/2-1/2"]
[WhiteElo "1908"]
[BlackElo "1998"]
[PlyCount "0"]
[EventDate "2010.04.24"]
[EventRounds "8"]
[EventCountry "ESP"]

1.e4 d6 2.d4 g6 3.Nf3 Bg7 4.Nc3 Nf6 5.Bc4 O-O 6.O-O c6 7.a4 a5 8.Re1 Nfd7 9.Be3
Na6 10.Qd2 Nb6 11.Bd3 Bg4 12.Bh6 Bxf3 13.Bxg7 Kxg7 14.gxf3 e5 15.Bf1 Qf6 16.d5
Nc5 17.Bg2 Rfd8 18.b3

[Event "VI Open de Primavera de Gros"]
[Site "Donostia"]
[Date "2010.06.05"]
[Round "7"]
[Board "1"]
[White "Urretavizcaya Merino, Asier"]
[Black "Argandona Riveiro, Inigo"]
[Result "0-1"]
[WhiteElo "2073"]
[BlackElo "2388"]
[PlyCount "0"]
[EventDate "2010.04.24"]
[EventRounds "8"]
[EventCountry "ESP"]

1.d4 c5 2.c3 e6 3.Bf4 Qb6 4.Qc1 cxd4 5.cxd4 Nc6 6.e3 Nf6 7.Nf3 Nh5 8.Bg5 h6
9.Bh4 d5 10.Be2 Bd7 11.Nc3 g5 12.Bg3 Nxg3 13.hxg3 Be7 14.Qc2 a5 15.a3 a4 16.Bb5
Kf8 17.Bxa4 Qa6 18.Bxc6 Bxc6 19.Ne5 Be8 20.Rc1 Kg7 21.Qe2 Qb6 22.f4 f6 23.Nd3
Bg6 24.Nf2 Rhc8 25.O-O Rc6 26.Qb5 Qc7 27.Na2 Raa6 28.Rc3 Rxc3 29.Nxc3 Rb6 30.Qa5
Qc6 31.Ncd1 Rb3 32.Qd2 h5 33.Nc3 Bxa3 34.bxa3 Qxc3

[Event "VI Open de Primavera de Gros"]
[Site "Donostia"]
[Date "2010.06.05"]
[Round "7"]
[Board "1"]
[White "Ladron De Guevara Galar, Fco J"]
[Black "Guijarro Galan, Jose Luis"]
[Result "1/2-1/2"]
[WhiteElo "2052"]
[BlackElo "2104"]
[PlyCount "0"]
[EventDate "2010.04.24"]
[EventRounds "8"]
[EventCountry "ESP"]

1.d4 e6 2.c4 d5 3.Nf3 c6 4.g3 f5 5.Bg2 Nf6 6.O-O Bd6 7.b3 Qe7 8.a4 O-O 9.Ba3 Bd7
10.Ne5 Be8 11.Qc1 Bh5 12.Qb2 a5 13.Re1 Na6 14.Bxd6 Qxd6 15.Na3 Nd7 16.Nd3 h6
17.Rac1 Nb4 18.Nf4 Bf7 19.Nc2 Nxc2 20.Rxc2 g5 21.Nd3 Kh7 22.e3 Qe7 23.f4 Bg6
24.c5 Nf6 25.b4 axb4 26.Qxb4 Rfb8 27.a5 Ra6 28.Ne5 Nd7 29.Nd3 Qd8 30.Ra1 b6
31.cxb6 Nxb6 32.Qc3 Nc4 33.Nc5 Rxa5 34.Rxa5 Qxa5 35.Qxa5 Nxa5 36.Nxe6 Bf7 37.Nc5
Nc4 38.Kf2 Re8 39.Rc3 Ra8 40.Nd7 Ra2+ 41.Kf1 Nd2+ 42.Kg1 Ra1+ 43.Kf2 Ra2 44.Kg1
Ra1+

[Event "VI Open de Primavera de Gros"]
[Site "Donostia"]
[Date "2010.06.05"]
[Round "7"]
[Board "1"]
[White "Izquierdo Arruferia, Joseba"]
[Black "Ros Eskisabel, Jose Ramon"]
[Result "1/2-1/2"]
[WhiteElo "1807"]
[BlackElo "2143"]
[PlyCount "0"]
[EventDate "2010.04.24"]
[EventRounds "8"]
[EventCountry "ESP"]

1.e4 e5 2.Nf3 Nc6 3.Bb5 f5 4.d3 fxe4 5.dxe4 Nf6 6.O-O Bc5 7.Bc4 d6 8.c3 Qe7
9.Nbd2 a6 10.b4 Ba7 11.Qb3 Nd8 12.a4 Ne6 13.Ba3 Rb8 14.a5 Nf4 15.Rab1 Be6
16.Bxe6 Qxe6 17.Qxe6+ Nxe6 18.g3 Nd7 19.Kg2 O-O 20.Nh4 g6 21.Nhf3 Rf7 22.Ne1
Rbf8 23.Nd3 b5 24.Rbe1 c5 25.Re2 c4 26.Ne1 g5 27.h3 Nf6 28.Bc1 Kg7 29.Bb2 Kg6
30.Bc1 h6 31.Ndf3 Rd7 32.Be3 Bb8 33.Bb6 d5 34.exd5 Rxd5 35.Rd2 e4 36.Nd4 Re8
37.Nec2 Nd7 38.Ne3 Rd6 39.Nef5 Rd5 40.Ne3 Rd6 41.Nef5

[Event "VI Open de Primavera de Gros"]
[Site "Donostia"]
[Date "2010.06.05"]
[Round "7"]
[Board "1"]
[White "Alvarado Fernandez, Mikel"]
[Black "Tholey, Jean-Paul"]
[Result "0-1"]
[WhiteElo "2006"]
[BlackElo "1997"]
[PlyCount "0"]
[EventDate "2010.04.24"]
[EventRounds "8"]
[EventCountry "ESP"]

1.d4 e6 2.c4 Nf6 3.Bg5 d5 4.e3 Be7 5.Nc3 Nbd7 6.Nf3 h6 7.Bh4 O-O 8.a3 c5 9.Be2
cxd4 10.Nxd4 dxc4 11.Bxc4 Ne5 12.Be2 Bd7 13.O-O a6 14.Qb3 b5 15.Rfd1 Qb6 16.Bg3
Nc6 17.Bf3 Rac8 18.Rac1 Bc5 19.Nde2 Rfd8 20.Ne4 Nxe4 21.Bxe4 Na5 22.Qd3 Bc6
23.Nd4 Bxe4 24.Qxe4 Bxd4 25.Rxc8 Rxc8 26.exd4 Nc4 27.Qg4 Rd8 28.b3 Nd6 29.h3 Nf5
30.Be5 Kf8 31.Qf4 f6 32.g4 fxe5 33.Qf3 e4 34.Qf4 Qd6 35.Qxe4 Nxd4 36.Rc1 Qd5
37.Qf4+ Kg8 38.Qe3 Qf3 39.Qxf3 Nxf3+ 40.Kg2 Nd4 41.b4 Kf7 42.f4 Ke7 43.h4 Ne2
44.Rc7+ Rd7 45.Rc6 Rd6 46.Rc7+ Kf6 47.Kf3 Nd4+ 48.Ke4 Rc6 49.Rd7 Nc2 50.g5+ hxg5
51.fxg5+ Kg6 52.Rd3 Rc4+ 53.Ke5 Rxh4 54.Rc3 Nxb4 55.axb4 Rxb4 56.Kxe6 Re4+
57.Kd5 Rg4 58.Rc6+ Kxg5 59.Rxa6 g6 60.Ke5 Kh4 61.Ra3 Ra4 62.Rb3 b4 63.Kd5 g5
64.Kc5 g4 65.Kb5 Ra3 66.Rxb4 Rc3 67.Rf4 Kh3 68.Rf7 g3 69.Kb4 Rc8 70.Rh7+ Kg2
71.Rf7 Kg1 72.Rg7 g2 73.Ra7 Rc1 74.Ra8 Kf2 75.Rf8+ Ke3 76.Re8+ Kf4

[Event "VI Open de Primavera de Gros"]
[Site "Donostia"]
[Date "2010.06.05"]
[Round "7"]
[Board "1"]
[White "Olabe Odriozola, Eduardo"]
[Black "Torres, Patrice"]
[Result "1/2-1/2"]
[WhiteElo "1873"]
[BlackElo "2003"]
[PlyCount "0"]
[EventDate "2010.04.24"]
[EventRounds "8"]
[EventCountry "ESP"]

1.e4 e6 2.d3 d5 3.Nd2 Nf6 4.Ngf3 c5 5.g3 Nc6 6.Bg2 Qc7 7.O-O d4 8.a4 e5 9.Nh4
Be7 10.f4 exf4 11.Rxf4 g5 12.Rxf6 Bxf6 13.Nf5 h6 14.b3 Ne7 15.g4 Nxf5 16.gxf5 h5
17.Nc4 Bd7 18.Qf3 O-O-O 19.Bd2 Rdg8 20.Re1 Be5 21.Kh1 f6 22.Nxe5 fxe5 23.Qg3 g4
24.Bf1 Bc6 25.Be2 Qe7 26.Rf1 Qf6 27.Kg1 h4 28.Qg2 g3 29.h3 Kd7 30.Bg4 Ke7 31.Kh1
Rg7 32.Kg1 Rf7 33.Kh1 Qg7 34.Kg1 Rf6 35.Qf3 Rhf8 36.Qg2 Qg8 37.Qe2 R8f7 38.Qg2
Rg7 39.Qf3 Qh7

[Event "VI Open de Primavera de Gros"]
[Site "Donostia"]
[Date "2010.06.05"]
[Round "7"]
[Board "1"]
[White "Segovia Sanchez, Antonio"]
[Black "Tung, Siu Hung"]
[Result "1-0"]
[WhiteElo "1998"]
[BlackElo "1864"]
[PlyCount "0"]
[EventDate "2010.04.24"]
[EventRounds "8"]
[EventCountry "ESP"]

1.d4 d6 2.Bg5 Nd7 3.Nf3 Ngf6 4.Nbd2 h6 5.Bh4 g5 6.Bg3 Nh5 7.e3 Bg7 8.c3 Nxg3
9.hxg3 Nf6 10.Bd3 Bg4 11.Qc2 c6 12.O-O-O Qa5 13.Kb1 Rc8 14.Nc4 Qc7 15.e4 b5
16.Ne3 Bd7 17.e5 dxe5 18.Nxe5 Be6 19.Bf5 Qd6 20.Bxe6 Qxe6 21.Nf5 Kf8 22.Rde1 Nd5
23.f4 Bxe5 24.Rxe5 Qf6 25.c4 bxc4 26.Qxc4 e6 27.Nd6 Rc7 28.f5 Qe7 29.Ne4 Ne3
30.Qc3 Nxf5 31.Rc1 f6 32.Rc5 Kf7 33.Rf1 Rd8 34.g4 Nxd4 35.Rxf6+ Kg7 36.Qh3 Rh8
37.Qh5 Qe8 38.Rxg5+

[Event "VI Open de Primavera de Gros"]
[Site "Donostia"]
[Date "2010.06.12"]
[Round "8"]
[Board "1"]
[White "Argandona Riveiro, Inigo"]
[Black "Miguelez Garcia, Erlantz"]
[Result "1-0"]
[WhiteElo "2388"]
[BlackElo "1958"]
[PlyCount "0"]
[EventDate "2010.04.24"]
[EventRounds "8"]
[EventCountry "ESP"]

1.Nf3 Nf6 2.c4 b6 3.g3 Bb7 4.Bg2 g6 5.O-O Bg7 6.Nc3 O-O 7.Re1 d6 8.e4 Nbd7 9.d4
c5 10.Rb1 cxd4 11.Nxd4 Qc8 12.b3 a6 13.Bb2 Re8 14.Qd2 Rb8 15.Rbd1 Nc5 16.Nd5 b5
17.Ba1 Nfxe4 18.Bxe4 Nxe4 19.Rxe4 e6 20.Rde1 bxc4 21.Nf5 c3 22.Nde7+ Rxe7
23.Nxe7+ Kh8 24.Qxd6 Qd8 25.Qxd8+ Rxd8 26.Rc4

[Event "VI Open de Primavera de Gros"]
[Site "Donostia"]
[Date "2010.06.12"]
[Round "8"]
[Board "1"]
[White "Guijarro Galan, Jose Luis"]
[Black "Sanz Perez, Eduardo"]
[Result "1-0"]
[WhiteElo "2104"]
[BlackElo "2147"]
[PlyCount "0"]
[EventDate "2010.04.24"]
[EventRounds "8"]
[EventCountry "ESP"]

1.e4 e6 2.d4 d5 3.Nc3 Nf6 4.Bg5 Bb4 5.e5 h6 6.Be3 Ne4 7.Qg4 g6 8.a3 Ba5 9.Bd3
Nxc3 10.Bd2 c5 11.bxc3 Bd7 12.Nf3 c4 13.Bxg6 Rg8 14.Bxf7+ Kxf7 15.Qh5+ Ke7
16.Qxh6 Qf8 17.Bg5+ Ke8 18.Qxf8+ Kxf8 19.Kd2 Nc6 20.h4 b5 21.g4 Be8 22.h5 a6
23.Rag1 Ra7 24.Bf6 Bd8 25.g5 Rh7 26.g6 Bxg6 27.hxg6 Rxh1 28.g7+ Kf7 29.Rxh1 Bxf6
30.exf6 Kxf6 31.Rh6+ Ke7 32.Ng5 Rxg7 33.Nxe6 Rf7 34.f4 Nb8 35.Nc7 Rf5 36.Ke3 Kd7
37.Nxa6 Nxa6 38.Rxa6 Kc7 39.Re6 Rh5 40.Re5 Rh3+ 41.Kd2 Kd6 42.f5 Rf3 43.Re6+ Kd7
44.Rb6 Rxf5 45.Rxb5 Kc6 46.Rc5+ Kd6 47.Kc1 Rf8 48.Rb5 Ra8 49.Kb2 Kc6 50.Rb4 Rg8
51.a4 Rg3 52.a5 Rh3 53.Rb6+ Kc7 54.Rb5 Kc6 55.Rc5+ Kd6 56.a6 Rh7 57.Ka3 Ra7
58.Ra5 Kc6 59.Kb4 Kd6 60.Kb5 Kc7 61.Kc5 Ra8 62.a7 Kb7 63.Kxd5 Kb6 64.Ra1 Kb5
65.Rb1+ Ka6 66.Kxc4 Rc8+ 67.Kd5 Kxa7 68.c4 Rd8+ 69.Ke4 Re8+ 70.Kd3 Rh8 71.d5 Rh4
72.c5 Rg4 73.c6 Rh4 74.c7 Rg4 75.d6 Rg6 76.Kc4 Rg2 77.c3 Rg6 78.Kc5 Rg3 79.c4

[Event "VI Open de Primavera de Gros"]
[Site "Donostia"]
[Date "2010.06.12"]
[Round "8"]
[Board "1"]
[White "Tholey, Jean-Paul"]
[Black "Ladron De Guevara Galar, Fco J"]
[Result "0-1"]
[WhiteElo "1997"]
[BlackElo "2052"]
[PlyCount "0"]
[EventDate "2010.04.24"]
[EventRounds "8"]
[EventCountry "ESP"]

1.d4 Nf6 2.g3 d5 3.Bg2 e6 4.Nf3 Nbd7 5.O-O Be7 6.Nbd2 b6 7.c4 Bb7 8.b3 O-O 9.Bb2
c5 10.Rc1 Rc8 11.e3 Rc7 12.Rc2 Qa8 13.dxc5 Nxc5 14.Ne1 Rd8 15.Qc1 Rcd7 16.cxd5
Nxd5 17.a3 a5 18.e4 Nf6 19.f3 Ba6 20.Rf2 Nd3 21.Nxd3 Bxd3 22.Rc7 Rxc7 23.Qxc7
Bc5 24.Nc4 Bxc4

[Event "VI Open de Primavera de Gros"]
[Site "Donostia"]
[Date "2010.06.12"]
[Round "8"]
[Board "1"]
[White "Darrigues, Alain"]
[Black "Ros Eskisabel, Jose Ramon"]
[Result "0-1"]
[WhiteElo "1997"]
[BlackElo "2143"]
[PlyCount "0"]
[EventDate "2010.04.24"]
[EventRounds "8"]
[EventCountry "ESP"]

1.d4 Nf6 2.c4 e6 3.Nc3 Bb4 4.e3 b6 5.Bd3 Bb7 6.f3 c5 7.Nge2 O-O 8.O-O cxd4
9.exd4 d5 10.Bg5 Be7 11.Rc1 Nc6 12.Be3 Nb4 13.cxd5 Nxd3 14.Qxd3 Nxd5 15.Nxd5
Bxd5 16.Nc3 Rc8 17.Rfd1 Qd7 18.Qd2 Rfd8 19.Qf2 b5 20.a3 a5 21.Qg3 b4 22.axb4
axb4 23.Ne4 Bxe4 24.fxe4 Rxc1 25.Bxc1 Qc6 26.Bh6 Bf8 27.Bg5 Rd7 28.Qf3 Qc2
29.Rd2 Qb1+ 30.Kf2 h6 31.Be3 Rc7 32.e5 Rc1 33.Kg3 Rc2 34.Qe2 b3 35.Kh3 Qxb2
36.g3 Rxd2 37.Bxd2 Qxd4 38.Bc1 Bb4 39.Qb2 Qc4 40.Kg2 Bc3 41.Qa3 Bxe5

[Event "VI Open de Primavera de Gros"]
[Site "Donostia"]
[Date "2010.06.12"]
[Round "8"]
[Board "1"]
[White "Corral Sierra, Javier"]
[Black "Fuente San Sebastian, Ernesto"]
[Result "1-0"]
[WhiteElo "2123"]
[BlackElo "1897"]
[PlyCount "0"]
[EventDate "2010.04.24"]
[EventRounds "8"]
[EventCountry "ESP"]

1.d4 Nf6 2.c4 e5 3.dxe5 Ng4 4.e3 Nxe5 5.Nh3 d6 6.Nf4 g5 7.Nh5 Bg4 8.Be2 Bxh5
9.Bxh5 Nbd7 10.f4 g4 11.h4 Nc6 12.Bxg4 Qe7 13.Nc3 O-O-O 14.Nd5 Qe4 15.Nf6 Qxg2
16.Qd5 Qxd5 17.cxd5 Ncb8 18.Bd2 Bg7 19.Bc3 b6 20.Kf2 Kb7 21.Nxd7 Bxc3 22.Nxb8
Bxb2 23.Rab1 Ba3 24.Nc6 Rdg8 25.Bd7 Ka8 26.Rhg1 Rg6 27.h5 Rh6 28.Rg5 f6 29.Rg7
Rxh5 30.Rbg1 Kb7 31.Rg8 Rxg8 32.Rxg8 Ka6 33.Ra8 Bc5 34.Rxa7+ Kb5 35.Ne5+ Kb4
36.Nd3+ Kc3 37.Nxc5 bxc5 38.Bc6 Kd3 39.Ra3+ Ke4 40.Kg3 Rh1 41.Rc3 Rg1+ 42.Kf2
Rh1

[Event "VI Open de Primavera de Gros"]
[Site "Donostia"]
[Date "2010.06.12"]
[Round "8"]
[Board "1"]
[White "Nogues Fernandez, Ramon"]
[Black "Urretavizcaya Merino, Asier"]
[Result "0-1"]
[WhiteElo "1894"]
[BlackElo "2073"]
[PlyCount "0"]
[EventDate "2010.04.24"]
[EventRounds "8"]
[EventCountry "ESP"]

1.e4 c5 2.Nf3 d6 3.d4 cxd4 4.Nxd4 Nf6 5.Nc3 a6 6.f4 e5 7.Nf3 Nbd7 8.a4 Qc7 9.Bd3
b6 10.O-O Be7 11.Qe1 Bb7 12.Nh4 Nc5 13.Nf5 O-O 14.Qg3 g6 15.Nxe7+ Qxe7 16.Qh4
Nd5 17.Qg3 Nb4 18.f5 Nbxd3 19.cxd3 Kh8 20.fxg6 fxg6 21.Bg5 Qe6 22.Bh6 Rxf1+
23.Rxf1 Kg8 24.Qf3 Nd7 25.Nd5 Bxd5 26.exd5 Qe7 27.Qg4 Re8 28.h4 a5 29.b4 axb4
30.Qxb4 e4 31.Bg5 Qe5 32.dxe4 Qxe4 33.Qxd6 Qxa4 34.Qc6 Qd4+ 35.Kh1 Qg4 36.d6 h6
37.Qd5+ Qe6 38.Qxe6+ Rxe6 39.Be7 Re5 40.Rc1 Rc5 41.Re1 b5 42.Bd8 Re5 43.Ra1 Kf7
44.Kg1 Ke6 45.Be7 b4 46.Kf2 b3 47.Rb1 Nc5 48.g4 b2 49.Bf8 Nd3+

[Event "VI Open de Primavera de Gros"]
[Site "Donostia"]
[Date "2010.06.12"]
[Round "8"]
[Board "1"]
[White "Izquierdo Arruferia, Joseba"]
[Black "Segovia Sanchez, Antonio"]
[Result "0-1"]
[WhiteElo "1807"]
[BlackElo "1998"]
[PlyCount "0"]
[EventDate "2010.04.24"]
[EventRounds "8"]
[EventCountry "ESP"]

1.e4 d6 2.d4 Nf6 3.Nc3 g6 4.Nf3 Bg7 5.Bb5+ c6 6.Bd3 O-O 7.O-O Bg4 8.Be3 Nbd7
9.Qd2 Bxf3 10.gxf3 e5 11.Ne2 d5 12.c3 Re8 13.Ng3 Rc8 14.Rad1 h5 15.Bg5 Qb6
16.Be3 Qc7 17.h4 b5 18.a3 a6 19.b4 Qd6 20.Rfe1 dxe4 21.Bxe4 Nd5 22.Kf1 Nxe3+
23.fxe3 exd4 24.cxd4 Qxg3 25.Qf2 Qd6

[Event "VI Open de Primavera de Gros"]
[Site "Donostia"]
[Date "2010.06.12"]
[Round "8"]
[Board "1"]
[White "Estevez Pegenaute, Eduardo"]
[Black "Olmo Vega, Diego"]
[Result "0-1"]
[WhiteElo "1534"]
[BlackElo "2025"]
[PlyCount "0"]
[EventDate "2010.04.24"]
[EventRounds "8"]
[EventCountry "ESP"]

1.e4 c5 2.Nf3 Nc6 3.d4 cxd4 4.Nxd4 Nf6 5.Nc3 e5 6.Nxc6 bxc6 7.Bc4 Be7 8.O-O O-O
9.Be3 Qa5 10.f3 Bb4 11.Ne2 d5 12.exd5 cxd5 13.Bb3 Bc5 14.Bxc5 Qxc5+ 15.Kh1 Bb7
16.Qd2 Rad8 17.Rad1 h6 18.Ng3 Rfe8 19.Rfe1 Bc6 20.c3 Qb6 21.Nf5 Bd7 22.Ne3 Be6
23.Nc2 Bc8 24.Nb4 Bb7 25.Qe3 d4 26.Qd2 dxc3 27.Qxc3 Rc8 28.Qd2 Red8 29.Nd3 e4
30.fxe4 Nxe4 31.Qf4 Rxd3 32.Qxf7+ Kh8 33.Rf1 Rxd1 34.Bxd1 Nf6 35.Bb3 Qc6 36.Qg6
Qe4 37.Qg3 Nh5 38.Qf2 Nf4 39.Re1 Qg6 40.Rg1 Nh3 41.Qxa7 Qxg2+ 42.Rxg2 Rc1+